000 00526nam a2200205Ia 4500
005 20250508151629.0
008 008 250505s9999 xx 000 0 eng d
037 _aTextual
040 _aFEDL
_beng
_cFEDL
041 _aeng
_2eng
084 _a128.2, PFE
_qFEDL
100 _aPfeiffer John
245 0 _aHuman brain
260 _aLondon, UK
_bVictor Gollancz Ltd.
_c1955
300 _aviii,273p.
365 _aINR
_b12
650 _aPhilosophy
942 _cTEXL
_h128.2, PFE
999 _c1331022
_d1331022